| 000 | 00753nam a2200229Ia 4500 | ||
|---|---|---|---|
| 999 |
_c41039 _d41039 |
||
| 001 | 7688 | ||
| 003 | GE_BSU | ||
| 005 | 20230830162427.0 | ||
| 008 | 181216s1989||||ru |||||||||||||| ||ru || | ||
| 040 | _cGE_BSU | ||
| 041 | _arus | ||
| 080 | _a616.89(075.8) Ж-34 | ||
| 100 |
_aЖариков, Н.М. _919729 |
||
| 245 |
_aПсихиатрия / _cН.М. Жариков, Л. Г. | Урсова, Д. Ф. Хритинин. |
||
| 264 |
_aМосква : _bМедицина, _c1989. |
||
| 300 |
_a496 стр.; _b20 см. |
||
| 653 | _aПсихиатрия | ||
| 653 | _aფსიქიატრია | ||
| 700 |
_aУрсова, Л. Г. _eავტორი _919730 |
||
| 700 |
_a| Хритинин, Д. Ф. _eავტორი _919731 |
||
| 942 |
_cBK _2udc |
||